[Event "Stuttgart-chA int"]
[Site "Ditzingen"]
[Date "2013.05.09"]
[Round "1"]
[White "Hamm, Lukas"]
[Black "Gabriel, Josef"]
[Result "1-0"]
[WhiteElo "1890"]
[BlackElo "2123"]
[PlyCount "87"]
[EventDate "2013.05.09"]
[EventType "swiss"]
[EventRounds "7"]
[EventCountry "GER"]
[SourceTitle "EXT 2014"]
[Source "ChessBase"]
[SourceDate "2013.11.20"]
[SourceVersion "1"]
[SourceVersionDate "2013.11.20"]
[SourceQuality "1"]

1. e4 c5 2. Nf3 Nc6 3. d4 cxd4 4. Nxd4 Nf6 5. Nc3 e5 6. Ndb5 d6 7. Nd5 Nxd5 8. exd5 Ne7 9. c4 Ng6 10. Be2 Be7 11. 0-0 a6 12. Nc3 0-0 13. b4 a5 14. bxa5 Rxa5 15. Qb3 Bg5 16. Bxg5 Qxg5 17. Ne4 Qd8 18. Qb4 Nf4 19. Bf3 Ra6 20. g3 Nh3+ 21. Kg2 f5 22. Nd2 Ng5 23. h4 Nf7 24. Be2 g5 25. hxg5 Nxg5 26. f4 exf4 27. gxf4 Re8 28. Bh5 Re3 29. Qb2 Ne4 30. Nxe4 Rxe4 31. Kf3 Rxf4+ 32. Kxf4 Qh4+ 33. Ke3 Qh3+ 34. Kd2 Qh2+ 35. Be2 Kf7 36. Rg1 Qh6+ 37. Kc2 f4 38. Raf1 Bf5+ 39. Kd1 b5 40. cxb5 Ra4 41. b6 Ra5 42. Qg7+ Qxg7 43. Rxg7+ Kxg7 44. b7 1-0

[Event "Stuttgart-chB int"]
[Site "Ditzingen"]
[Date "2012.05.17"]
[Round "1"]
[White "Hamm, Lukas"]
[Black "Gheng, Hannelore"]
[Result "1-0"]
[WhiteElo "1890"]
[BlackElo "1691"]
[PlyCount "93"]
[EventDate "2012.05.17"]
[EventType "swiss"]
[EventRounds "7"]
[EventCountry "GER"]
[SourceTitle "EXT 2018"]
[Source "ChessBase"]
[SourceDate "2017.10.13"]
[SourceVersion "1"]
[SourceVersionDate "2017.10.13"]
[SourceQuality "1"]

1. e4 c5 2. Nf3 d6 3. d4 cxd4 4. Nxd4 Nf6 5. Nc3 g6 6. Be2 Bg7 7. 0-0 0-0 8. Be3 Nc6 9. h3 a6 10. Qd2 Qc7 11. Nb3 b5 12. a3 Bb7 13. Bh6 Rfd8 14. Bxg7 Kxg7 15. Rad1 Ne5 16. f3 d5 17. exd5 Nxd5 18. Nxd5 Bxd5 19. Nd4 Rd6 20. Qe3 Nc6 21. c3 Nxd4 22. Rxd4 Re6 23. Qf2 Qe5 24. Bd3 f5 25. f4 Qd6 26. c4 bxc4 27. Bxc4 Qc5 28. b4 Qb6 29. Rxd5 Qxf2+ 30. Rxf2 Rc8 31. Rc5 Rxc5 32. Bxe6 Rc6 33. Bd5 Rd6 34. Bb7 Kf6 35. a4 Rb6 36. Bxa6 Rxa6 37. Ra2 Ke6 38. a5 Kd5 39. b5 Ra8 40. b6 Kc6 41. Kf2 Kb7 42. Ke3 Ka6 43. Kd4 Rd8+ 44. Kc5 e6 45. Kc6 Rc8+ 46. Kd7 Rc4 47. Rb2 1-0

[Event "GER-chT U16"]
[Site "Uelzen"]
[Date "2007.12.29"]
[Round "5.4"]
[White "Spisla, Dominik"]
[Black "Hamm, Lukas"]
[Result "1/2-1/2"]
[WhiteElo "1706"]
[BlackElo "1472"]
[PlyCount "98"]
[EventDate "2007.12.27"]
[EventType "team-swiss"]
[EventRounds "7"]
[EventCountry "GER"]
[SourceTitle "EXT 2022"]
[Source "ChessBase"]
[SourceDate "2021.10.06"]
[SourceVersion "1"]
[SourceVersionDate "2021.10.06"]
[SourceQuality "1"]
[WhiteTeam "Brackweda U16"]
[BlackTeam "Stuttgart Wolfbusch U16"]
[WhiteTeamCountry "GER"]
[BlackTeamCountry "GER"]

1. e4 e5 2. Nf3 Nc6 3. Bb5 a6 4. Ba4 Nf6 5. 0-0 Be7 6. Re1 b5 7. Bb3 d6 8. h3 0-0 9. c3 Na5 10. Bc2 c5 11. d4 Qc7 12. d5 Nc4 13. Nbd2 Nb6 14. Nf1 Re8 15. Bg5 Nbd7 16. Ng3 g6 17. Qd2 Bf8 18. Nh2 Bg7 19. Bd1 c4 20. Bh6 Nf8 21. Bxg7 Kxg7 22. h4 Qd8 23. h5 Ng8 24. hxg6 fxg6 25. Nf3 Nd7 26. Kh2 Ndf6 27. Rh1 Ra7 28. Kg1 Kf8 29. Qe3 Rb7 30. a3 Qb6 31. Qxb6 Rxb6 32. Nd2 Rb7 33. f3 Ree7 34. Kf2 Nd7 35. Ke3 Nc5 36. Bc2 Rf7 37. Ne2 Nf6 38. a4 Ra7 39. axb5 axb5 40. b3 cxb3 41. Nxb3 Nxb3 42. Bxb3 Rfc7 43. Rhc1 Bd7 44. Kd3 h5 45. c4 bxc4+ 46. Bxc4 Rcb7 47. Nc3 Ke7 48. Rxa7 Rxa7 49. Rb1 Ra3 1/2-1/2

[Event "Stuttgart-chB int"]
[Site "Ditzingen"]
[Date "2006.05.27"]
[Round "6"]
[White "Hamm, Lukas"]
[Black "Daur, Wolfgang"]
[Result "1/2-1/2"]
[WhiteElo "1389"]
[BlackElo "1644"]
[PlyCount "47"]
[EventDate "2006.05.25"]
[EventType "swiss"]
[EventRounds "7"]
[EventCountry "GER"]
[SourceTitle "EXT 2018"]
[Source "ChessBase"]
[SourceDate "2017.10.13"]
[SourceVersion "1"]
[SourceVersionDate "2017.10.13"]
[SourceQuality "1"]

1. e4 e6 2. d4 d5 3. exd5 exd5 4. Nf3 Bd6 5. Nc3 c6 6. Bd3 Bg4 7. 0-0 Ne7 8. Bg5 0-0 9. Bh4 Qc7 10. Bg3 Nd7 11. Bxh7+ Kxh7 12. Ng5+ Kg6 13. Qxg4 Nf6 14. Bxd6 Qxd6 15. Nge4+ Nxg4 16. Nxd6 b6 17. Rfe1 Ng8 18. f3 N4h6 19. g4 Rad8 20. Nf5 Nxf5 21. gxf5+ Kxf5 22. Re5+ Kf6 23. Rae1 Rd6 24. Ne2 1/2-1/2

[Event "Stuttgart-chB int"]
[Site "Ditzingen"]
[Date "2006.05.26"]
[Round "4"]
[White "Hamm, Lukas"]
[Black "Mayer, Kevin"]
[Result "1-0"]
[WhiteElo "1389"]
[BlackElo "1149"]
[PlyCount "120"]
[EventDate "2006.05.25"]
[EventType "swiss"]
[EventRounds "7"]
[EventCountry "GER"]
[SourceTitle "EXT 2018"]
[Source "ChessBase"]
[SourceDate "2017.10.13"]
[SourceVersion "1"]
[SourceVersionDate "2017.10.13"]
[SourceQuality "1"]

1. e4 e5 2. Nf3 Nc6 3. Bc4 Bc5 4. c3 Nf6 5. d4 exd4 6. cxd4 Bb4+ 7. Nc3 d6 8. 0-0 Bg4 9. d5 Ne5 10. Qa4+ Qd7 11. Bb5 c6 12. Nxe5 cxb5 13. Qxb4 dxe5 14. Qxb5 Qxb5 15. Nxb5 0-0 16. f3 Bd7 17. Nd6 b6 18. Be3 Rfd8 19. Nc4 Bb5 20. Rfc1 Rac8 21. Nxe5 Nd7 22. Nxd7 Bxd7 23. Kf2 f6 24. Rxc8 Rxc8 25. Rc1 Rxc1 26. Bxc1 Kf7 27. Ke3 Ke7 28. Kd4 Kd6 29. Bf4+ Ke7 30. Bb8 a6 31. Bc7 b5 32. Kc5 Bc8 33. Kc6 g5 34. Ba5 Ke8 35. Kc7 Bd7 36. Kb7 Ke7 37. Bc7 Be8 38. Kxa6 Kd7 39. Kb6 Kc8 40. Bd6 Kd8 41. g3 h5 42. f4 gxf4 43. gxf4 Bd7 44. e5 fxe5 45. fxe5 Kc8 46. e6 Be8 47. Bc5 Kd8 48. d6 h4 49. d7 Bg6 50. Kxb5 Bf5 51. Bb6+ Ke7 52. d8Q+ Kxe6 53. Kc5 h3 54. Qd6+ Kf7 55. Qe5 Kg6 56. Bd8 Kf7 57. Qxf5+ Kg8 58. Qxh3 Kg7 59. Qe6 Kh7 60. Qg4 Kh8 1-0

[Event "NRW U14 op"]
[Site "Olpe"]
[Date "2005.10.01"]
[Round "1.2"]
[White "Hamm, Lukas"]
[Black "Mazarov, Juergen"]
[Result "0-1"]
[WhiteElo "1151"]
[BlackElo "1999"]
[PlyCount "81"]
[EventDate "2005.10.01"]
[EventType "swiss"]
[EventRounds "7"]
[EventCountry "GER"]
[SourceTitle "CBM 108 Extra"]
[Source "ChessBase"]
[SourceDate "2005.11.04"]
[SourceVersion "1"]
[SourceVersionDate "2005.11.04"]
[SourceQuality "1"]

1. e4 e5 2. Nf3 Nf6 3. Nc3 Bb4 4. Bc4 0-0 5. d3 d5 6. exd5 Nxd5 7. Bd2 Bxc3 8. Bxc3 Nxc3 9. bxc3 Bg4 10. 0-0 Kh8 11. Qe2 Nc6 12. Qe3 Qd6 13. Nd2 f5 14. f4 Rac8 15. Rae1 Bh5 16. Qf2 Rf6 17. g3 Bg4 18. Qe3 Rh6 19. Nf3 Bxf3 20. Qxf3 Rf8 21. Re2 e4 22. dxe4 Qc5+ 23. Qe3 Qxc4 24. e5 Qxa2 25. Rd1 Qe6 26. Qc5 Re8 27. Qb5 b6 28. Ra1 Qe7 29. Rd2 Re6 30. Re1 Qc5+ 31. Qxc5 bxc5 32. Rd7 R6e7 33. Rd5 Nd8 34. Rxc5 Ne6 35. Ra5 g5 36. fxg5 Nxg5 37. Kg2 Nf7 38. e6 Rxe6 39. Rxe6 Rxe6 40. Rxf5 Nd6 41. Rf7 0-1

[Event "GER-chT U12"]
[Site "Verden"]
[Date "2004.12.27"]
[Round "1.3"]
[White "Sanow, Kevin"]
[Black "Hamm, Lukas"]
[Result "0-1"]
[WhiteElo "1304"]
[BlackElo "864"]
[PlyCount "84"]
[EventDate "2004.12.27"]
[EventType "team-swiss"]
[EventRounds "7"]
[EventCountry "GER"]
[SourceTitle "EXT 2006"]
[Source "ChessBase"]
[SourceDate "2005.11.24"]
[SourceVersion "1"]
[SourceVersionDate "2005.11.24"]
[SourceQuality "1"]

1. e4 e5 2. Nf3 Nc6 3. Bb5 a6 4. Ba4 Bc5 5. c3 f6 6. Qe2 d6 7. d3 Bg4 8. h3 Bh5 9. Nbd2 Nge7 10. Nf1 d5 11. Bd2 Qd6 12. Ng3 Bg6 13. Rd1 0-0-0 14. 0-0 d4 15. c4 h6 16. a3 f5 17. b4 Ba7 18. b5 axb5 19. cxb5 Nb8 20. Bb4 Qd7 21. Bxe7 Qxe7 22. exf5 Bf7 23. Qxe5 Qxe5 24. Nxe5 Rhf8 25. Nxf7 Rxf7 26. Rfe1 Nd7 27. Bb3 Rff8 28. Be6 Bc5 29. Re2 c6 30. bxc6 bxc6 31. Rc1 Bxa3 32. Rxc6+ Kb7 33. Bd5 Nb8 34. Re7+ Bxe7 35. Re6+ Rxd5 36. Rxe7+ Rd7 37. Re2 Nc6 38. Rc2 Ne5 39. Ne4 Rc7 40. Rb2+ Kc8 41. Rb6 Nxd3 42. g4 Ne5 0-1